The world she anoke in (Record no. 23361)

MARC details
000 -LEADER
campo de control de longitud fija 00539nam a2200181 i 4500
001 - NÚMERO DE CONTROL
campo de control 23361
003 - IDENTIFICADOR DE NÚMERO DE CONTROL
campo de control ES-MaACL
007 - CAMPO FIJO DE DESCRIPCIÓN FÍSICA--INFORMACIÓN GENERAL
campo de control de longitud fija t|
008 - DATOS DE LONGITUD FIJA--INFORMACIÓN GENERAL
campo de control de longitud fija 000210s1879 gw ||||1| eng d
100 1# - ENTRADA PRINCIPAL--NOMBRE DE PERSONA
Nombre de persona Alldridge, Lizzie.
9 (RLIN) 19966
245 14 - MENCIÓN DEL TÍTULO
Título The world she anoke in
Resto del título : a narrative /
Mención de responsabilidad, etc. by Lizzie Alldridge.
260 ## - PUBLICACIÓN, DISTRIBUCIÓN, ETC.
Lugar de publicación, distribución, etc. Leipzig :
Nombre del editor, distribuidor, etc. Beruhard Tauchuik,
Fecha de publicación, distribución, etc. 1879.
300 ## - DESCRIPCIÓN FÍSICA
Extensión 2 t. en 1 v. ;
Dimensiones 16 cm.
490 1# - MENCIÓN DE SERIE
Mención de serie Collection of British authors
830 0# - PUNTO DE ACCESO ADICIONAL DE SERIE-TÍTULO UNIFORME
Título uniforme Collection of British authors
9 (RLIN) 180703
852 ## - LOCALIZACIÓN
Ubicación ES-MaACL
Número de control de estantería G-12165
Holdings
Estatus retirado Estado de pérdida Estado de daño No para préstamo Colección Biblioteca de origen Biblioteca actual Ubicación en estantería Fecha de adquisición Fuente de adquisición Total de préstamos Signatura topográfica completa Código de barras Visto por última vez Precio de reemplazo Tipo de ítem Koha
        Libros del s. XIX Biblioteca del Ateneo de Madrid Biblioteca del Ateneo de Madrid Sala Pecera Planta 3 17/01/2008     G-12165 1024067 23/02/2023 23/02/2023 Libro impreso antiguo